000
00215 a2200109 4500
999
_c
4193
_d
4188
040
_b
udc
245
_a
Programming in ansi c
250
_a
2ed
260
_a
Mc Graw hill
942
_c
G
100
_a
Balagurusamy e
_9
1814